<La> Valeur
Saved in:
| Main Author: | |
|---|---|
| Format: | Book |
| Language: | French |
| Published: |
Paris
Presses universitaires de France
1943
|
| Tags: |
No Tags, Be the first to tag this record!
|
MARC
| LEADER | 00000nam a2200000 4500 | ||
|---|---|---|---|
| 001 | c126634 | ||
| 005 | 20041019155238.5 | ||
| 041 | 0 | |a fre | |
| 044 | |a FR | ||
| 245 | 1 | 0 | |a <La> Valeur |c Francois Perroux |
| 264 | 1 | |a Paris |b Presses universitaires de France |c 1943 | |
| 300 | |a 403 s. | ||
| 100 | 1 | |a Perroux, Francois, 1903-1987 | |